Postup vymáhania pokút.

Odpoveď na otázku, ako postupovať pri vymáhaní pokút uložených Ministerstvom kontroly SR alebo okresným úradom.

Salvato in:
Dettagli Bibliografici
Autore principale: Petrík, Gejza
Natura: Capitolo di libro
Lingua:slovacco
Soggetti:
Tags: Aggiungi Tag
Nessun Tag, puoi essere il primo ad aggiungerne!!

MARC

LEADER 00000naa a2200000 4500
001 r007996
005 20220831085610.8
041 0 |a slo 
044 |a [CS] 
245 1 0 |a Postup vymáhania pokút.  |c Gejza Petrík 
520 |a Odpoveď na otázku, ako postupovať pri vymáhaní pokút uložených Ministerstvom kontroly SR alebo okresným úradom. 
610 2 0 |a pokuty 
610 2 0 |a právo správne 
610 2 0 |a Slovensko 
100 1 |a Petrík, Gejza